| 000 | 00842nam a22002415i 4500 | ||
|---|---|---|---|
| 001 | 165680 | ||
| 003 | ES-MaACL | ||
| 005 | 20250728105431.0 | ||
| 008 | 960306q18901898sp |||| | spa d | ||
| 040 |
_aEUS _bspa _cEUS |
||
| 100 | 1 |
_aSpencer, Herbert, _d1820-1903 _9107684 |
|
| 245 | 1 | 0 |
_aLas inducciones de la sociología y las instituciones domésticas / _cpor Herbert Spencer. |
| 260 |
_aMadrid : _bLa España Moderna, _c[s.a] ( _fEstablecimiento tipográfico de Idamor Moreno) |
||
| 300 |
_a422, IX p. ; _c21 cm. |
||
| 596 | 1 | _aIdamor Moreno ejerce entre 1890-1898. | |
| 597 | 1 | _aSignaturizado. | |
| 597 | 1 | _aAntep. | |
| 700 | 1 | 1 |
_aMoreno, Idamor, _eimp. _9130190 |
| 710 | 2 |
_aLa España Moderna, _eed. _9134611 |
|
| 752 |
_aEspaña - _d, Madrid |
||
| 852 |
_aES-MaACL _jF-14831 _z-- Rúst. |
||
| 999 |
_c165680 _d165680 |
||